| 000 | 00579nam a22002057a 4500 | ||
|---|---|---|---|
| 003 | OSt | ||
| 005 | 20250830024600.0 | ||
| 008 | 250830b |||||||| |||| 00| 0 eng d | ||
| 020 | _a978-0-07-149599-8. | ||
| 040 |
_aDWCL-Admin lib _cOC |
||
| 082 | _aCirc. 612.015 W184b 2008 | ||
| 100 | _aWalker, Sharon | ||
| 245 |
_aBiochemistry demystified/ _cSharon Walker |
||
| 260 |
_aN. Y. : _bMcGraw-Hill, _cc2008. |
||
| 300 |
_axii, 370 p. : _bill. ; _c23 cm. |
||
| 504 | _aIncludes index. | ||
| 650 | _a1. Biochemistry. | ||
| 700 | _aMcmahon, David | ||
| 942 |
_2ddc _cBK-CIRC _kCirc. _n0 |
||
| 999 |
_c4401 _d4401 |
||